| 000 | 00000nam 2200000za 4500 |
| 001 | 9.699350 |
| 003 | CaOODSP |
| 005 | 20210625000336 |
| 007 | cr ||||||||||| |
| 008 | 150407|2007||||xxc|||||o f|0| 0 eng d |
| 040 | |aCaOODSP|beng |
| 043 | |an-cn--- |
| 086 | 1 |aSE3-94/2007E-PDF |
| 245 | 00|aRecommendations of the Chief Electoral Officer of Canada to the House of Commons Standing Committee on Procedure and House Affairs respecting specific issues of political financing |h[electronic resource]. |
| 260 | |aOttawa : |bElections Canada, |c2007. |
| 300 | |a53 p. |
| 500 | |a"January 26, 2007." |
| 590 | |a14-13-Supp|b2014-06-23 |
| 690 | 07|aFunding|2gcpds |
| 690 | 07|aPolitical parties|2gcpds |
| 710 | 2 |aElections Canada. |
| 775 | 08|tRecommandations du directeur général des élections du Canada au Comité permanent de la procédure et des affaires de la Chambre concernant des questions relatives au financement politique |w(CaOODSP)9.643339 |
| 856 | 40|ahttp://publications.gc.ca|qPDF|s502 KB|uhttps://publications.gc.ca/collections/collection_2014/elections/SE3-94-2007-eng.pdf |